| 000 | 00796nam a22002417a 4500 | ||
|---|---|---|---|
| 999 |
_c14999 _d14999 |
||
| 003 | AR-CdUCM | ||
| 008 | 190425b ||||| |||| 00| 0 spa d | ||
| 020 | _a978-84-9825-4611-7 | ||
| 040 |
_aMUNICIPALIDAD PROVINCIAL DEL CUSCO _cBIBLIOTECA MUNICIPAL DEL CUSCO |
||
| 041 | _heng | ||
| 082 |
_aPI / 376.1 / _bT19 |
||
| 110 |
_aTango books _933570 |
||
| 245 | _aLa vida en un molino de agua / | ||
| 260 |
_aBarcelona : _bCombel, _c2009. |
||
| 300 |
_bIlustraciones plegables _c34 cm. _eLibro en 3 dimensiones, (Molino) |
||
| 500 | _aNota : El texto es totalmente plegable | ||
| 650 |
_aMolinos de agua _933994 |
||
| 650 |
_aAprende acerca de los molinos _933995 |
||
| 650 |
_aNiños (as) _933869 |
||
| 650 |
_aMaterial didáctico _910701 |
||
| 942 |
_2ddc _cLIBROS |
||
| 945 |
_awnts _d2019-04-25 |
||